Effectif Tchéquie - Coupe du monde 2026 - Statistiques

Statistiques générales
  • Ce quiz a été pris 8 fois
  • Le résultat moyen est 5 sur 30
Statistiques - réponses
Poste Club Numéro Joueur % Correct
Attaquant Bayer 04 Leverkusen - Patrik Schick
100%
Milieu Olympique Lyonnais - Pavel Šulc
88%
Milieu West Ham United - Tomáš Souček
88%
Défenseur TSG 1899 Hoffenheim - Vladimír Coufal
63%
Attaquant TSG 1899 Hoffenheim - Adam Hložek
50%
Défenseur Wolverhampton Wanderers - Ladislav Krejčí
50%
Gardien PSV Eindhoven - Matěj Kovář
38%
Défenseur SK Slavia Prague - David Jurásek
13%
Sélectionneur - - Miroslav Koubek
13%
Milieu FC Viktoria Plzen - Alexandr Sojka
0%
Attaquant FK Mlada Boleslav - Christophe Kabongo
0%
Défenseur SK Slavia Prague - David Douděra
0%
Défenseur SK Slavia Prague - David Zima
0%
Milieu FC Viktoria Plzen - Denis Višinský
0%
Milieu AC Sparta Prague - Hugo Sochůrek
0%
Attaquant AC Sparta Prague - Jan Kuchta
0%
Défenseur AC Sparta Prague - Jaroslav Zelený
0%
Gardien SK Slavia Prague - Jindřich Staněk
0%
Milieu FC Viktoria Plzen - Lukáš Červ
0%
Gardien SC Braga - Lukáš Horníček
0%
Milieu SK Slavia Prague - Lukáš Provod
0%
Milieu SK Slavia Prague - Michal Sadílek
0%
Attaquant SK Slavia Prague - Mojmír Chytil
0%
Milieu FC Cincinnati - Pavel Bucha
0%
Défenseur TSG 1899 Hoffenheim - Robin Hranáč
0%
Défenseur SK Slavia Prague - Štěpán Chaloupek
0%
Attaquant SK Slavia Prague - Tomáš Chorý
0%
Défenseur SK Slavia Prague - Tomáš Holeš
0%
Milieu FC Viktoria Plzen - Tomáš Ladra
0%
Milieu FC Hradec Kralove - Vladimír Darida
0%
Aucun quiz correspondant
Distribution des résultats
% des personnes avec chaque résultat
Percentile par nombre de réponses
Votre historique - résultats
Vous n’avez pas pris ce quiz